000 01383cam a2200241 4500500
005 20260405002208.0
041 _afre
042 _adc
100 1 0 _aTravers de Faultrier, Sandra
_eauthor
245 0 0 _a« Désappartenance contagieuse »
260 _c2026.
500 _a87
520 _aRésuméL’alliance de l’art littéraire avec les ressources documentaires, notamment juridiques, permet de rendre visible la réalité de la contagion qui opère en prison, que l’on soit détenu ou geôlier. Désappartenance et dépersonnalisation à l’œuvre sont ainsi le lot commun des gardiens et des prisonniers.
520 _aSummaryThe alliance of literary art with documentary resources, particularly legal materials, makes it possible to render visible the reality of the contagion at work in prison, whether one is an inmate or a warder. Disaffiliation and depersonalisation at work thus become the common lot of both prison officers and prisoners.
690 _aContamination
690 _aDépersonnalisation
690 _aDésappartenance
690 _aEnfermement
690 _aFiction littéraire et documents juridiques
690 _aPRISON
786 0 _nLes Cahiers de la Justice | 1 | 1 | 2026-03-18 | p. 189-192 | 1958-3702
856 4 1 _uhttps://droit.cairn.info/revue-les-cahiers-de-la-justice-2026-1-page-189?lang=fr&redirect-ssocas=7080
999 _c2055262
_d2055262